Lola - The Kinks - Statistics

General Stats
  • This quiz has been taken 66 times
  • The average score is 332 of 399
Answer Stats
Answer % Correct
a
100%
A
100%
O
100%
I
98%
L
98%
Lo
98%
She
98%
she
98%
her
95%
Lola
95%
me
95%
me?”
95%
to
95%
C
93%
in
93%
the
93%
we
93%
and
90%
And
90%
like
90%
dance
88%
I’m
88%
so
88%
Cola
85%
cola
85%
man
85%
man”
85%
most
85%
not
85%
up
85%
walked
85%
world
85%
But
83%
but
83%
guy
83%
it
83%
my
83%
name
83%
said
83%
when
83%
you
83%
asked
80%
down
80%
just
80%
met
80%
champagne
78%
tastes
78%
world’s
78%
for
76%
voice
76%
Well,
76%
well,
76%
Well
76%
where
76%
woman
76%
be
73%
club
73%
Coca
73%
drink
73%
looked
73%
Soho
73%
why
73%
is
71%
Oh,
71%
on
71%
tight
71%
can’t
68%
eyes,
68%
fell
68%
passionate
68%
physical
68%
Under
68%
boy,
66%
broke
66%
nearly
66%
squeezed
66%
all
63%
at
63%
dark
63%
drank
63%
know
63%
old
63%
spine
63%
what
63%
almost
61%
brown
61%
floor
61%
night
61%
that
61%
understand
61%
am
59%
danced
59%
dumb
59%
got
59%
knee
59%
talks
59%
walks
59%
knees
56%
come
54%
door
54%
electric
54%
make
54%
never
54%
that’s
54%
want
54%
way
54%
with
54%
candlelight
51%
Girls
51%
girls
51%
It’s
51%
mixed
51%
before
49%
by
49%
ever
49%
will
49%
won’t
49%
boys
46%
gonna
46%
hand
46%
home
46%
I’d
46%
kissed
46%
“Little
46%
picked
46%
took
46%
always
44%
away
44%
Except
44%
sat
44%
stay
44%
week
44%
pushed
41%
shook
41%
glad
37%
left
34%
masculine
34%
smiled
27%
muddled
22%
No matching quizzes found
Score Distribution
Percent of People with Each Score
Percentile by Number Answered
Your Score History
You have not taken this quiz